Recent trends in biotechnology / (Record no. 234222)

000 -LEADER
fixed length control field 01358cam a2200349 a 4500
001 - CONTROL NUMBER
control field 13814182
003 - CONTROL NUMBER IDENTIFIER
control field Nust
005 - DATE AND TIME OF LATEST TRANSACTION
control field 20170316112343.0
008 - FIXED-LENGTH DATA ELEMENTS--GENERAL INFORMATION
fixed length control field 041102s2004 ii a b 100 0 eng
010 ## - LIBRARY OF CONGRESS CONTROL NUMBER
LC control number 2004312215
020 ## - INTERNATIONAL STANDARD BOOK NUMBER
International Standard Book Number 81-7754-157-9
035 ## - SYSTEM CONTROL NUMBER
System control number (DLC) 2004312215
037 ## - SOURCE OF ACQUISITION
Source of stock number/acquisition Library of Congress -- New Delhi Overseas Office
Terms of availability Rs675.00
040 ## - CATALOGING SOURCE
Transcribing agency ASAB
042 ## - AUTHENTICATION CODE
Authentication code lcode
043 ## - GEOGRAPHIC AREA CODE
Geographic area code a-ii---
050 00 - LIBRARY OF CONGRESS CALL NUMBER
Classification number TD248.195.I4
Item number N37 2000
082 ## - DEWEY DECIMAL CLASSIFICATION NUMBER
Classification number 660.6
111 2# - MAIN ENTRY--MEETING NAME
Meeting name or jurisdiction name as entry element National Conference on Recent Trends in Biotechnology
Date of meeting (2000 :
Location of meeting Department of Biotechnology, Amravati University, Amravati)
245 10 - TITLE STATEMENT
Title Recent trends in biotechnology /
Statement of responsibility, etc. by V.S. Hari Kumar
246 ## - VARYING FORM OF TITLE
Title proper/short title biotechnology
260 ## - PUBLICATION, DISTRIBUTION, ETC.
Place of publication, distribution, etc. Jodhpur :
Name of publisher, distributor, etc. Scientific Publishers (India),
Date of publication, distribution, etc. c2004.
300 ## - PHYSICAL DESCRIPTION
Extent ix, 265 p. :
Other physical details ill. ;
Dimensions 24 cm.
504 ## - BIBLIOGRAPHY, ETC. NOTE
Bibliography, etc. note Includes bibliographical references.
520 ## - SUMMARY, ETC.
Summary, etc. Papers presented at the Conference.
650 #0 - SUBJECT ADDED ENTRY--TOPICAL TERM
Topical term or geographic name entry element Biotechnology
Geographic subdivision India.
650 #0 - SUBJECT ADDED ENTRY--TOPICAL TERM
Topical term or geographic name entry element Biotechnology industries
Geographic subdivision India.
700 1# - ADDED ENTRY--PERSONAL NAME
Personal name Rai, Mahendra.
710 2# - ADDED ENTRY--CORPORATE NAME
Corporate name or jurisdiction name as entry element Amravati University.
Subordinate unit Department of Biotechnology.
906 ## - LOCAL DATA ELEMENT F, LDF (RLIN)
a 7
b cbc
c origode
d 3
e ncip
f 20
g y-gencatlg
942 ## - ADDED ENTRY ELEMENTS (KOHA)
Source of classification or shelving scheme
Koha item type Book
Holdings
Withdrawn status Lost status Source of classification or shelving scheme Damaged status Not for loan Collection code Permanent Location Current Location Date acquired Total Checkouts Full call number Barcode Date last seen Date last checked out Price effective from Koha item type
            Central Library (CL) Central Library (CL) 03/16/2017 1 660.6 KUM ASAB2197 01/27/2026 10/08/2025 03/16/2017 Book
© 2023 Central Library, National University of Sciences and Technology. All Rights Reserved.